Biblioteca da Unidade Pastoral de Sintra

Deus é amor (Registo nº 1909)

000 -Record Label
fixed length control field 01017nam a2200289 4500
010 ## - International Standard Book Number (ISBN)
Number (ISBN) 9789727517398
021 ## - Legal Deposit Number
Country Code PT
Number 238060/06
035 ## - Other System Control Numbers
System Control Number (bn)1746433
100 ## - General Processing Data
General Processing Data 20100502d2008 m y0pory5003 ba
105 ## - Coded Data Field: Textual Material, Monographic
Monograph Coded Data y z 000yy
106 ## - Coded Data Field: Textual Material - Physical Attributes
Textual Material Coded Data Physical Medium Designator r
200 1# - Title and Statement of Responsibility
Title Proper Deus é amor
Other Title Information carta encíclica Deus Caritas Est do Sumo Pontífice Bento XVI aos Bispos, aos Presbíteros e aos Diáconos, às pessoas consagradas e a todos os fiéis leigos sobre o amor cristão
First Statement of Responsibility [ed. lit.] Secretariado Geral do Espiscopado
210 ## - Publication, Distribution, etc.
Place of Publication, Distribution, etc. Prior Velho
Name of Publisher, Distributor, etc. Paulinas,
Date of Publication, Distribution, etc. 2006
215 ## - Physical Description
Specific Material Designation and Extent of Item 79 p.
Dimensions 21 cm
225 2# - Series
Series Title Voz da igreja
Volume Designation 17
600 ## - Personal Name Used as Subject
Entry Element Secretariado Geral do Espiscopado
601 ## - Corporate Body Name Used as Subject
Entry Element Paulinas
675 ## - Universal Decimal Classification (UDC)
Number 272-184
Edition BN
Language of Edition por
675 ## - Universal Decimal Classification (UDC)
Number 272-423
Edition BN
Language of Edition por
675 ## - Universal Decimal Classification (UDC)
Number 272-46
Edition BN
Language of Edition por
675 ## - Universal Decimal Classification (UDC)
Number 272-732-284
Edition BN
Language of Edition por
710 02 - Corporate Body Name - Primary Responsibility
Entry Element Igreja Católica.
Subdivision Papa,
Addition to Name or Qualifier 2005-2013 (Bento XVI)
712 01 - Corporate Body Name - Secondary Responsibility
Entry Element Lisboa.
Subdivision Patriarcado.
-- Secretariado Geral do Episcopado
Relator Code 340
801 #0 - Originating Source
Country PT
Agency BN
Cataloguing Rules (Descriptive Conventions) RPC
090 ## - System Control Numbers (Koha)
Koha biblioitem number (autogenerated) 1909
942 ## - ADDED ENTRY ELEMENTS (KOHA)
Koha item type Books
Exemplares
Origin of item (home branch) (free text) Type of item and material Lost status Lending or holding organisation (holding branch) code Call number (full call number) Withdrawn status Origin of item (home branch (coded) Barcode Coded location qualifier Circulation type (not for loan)
UPSBooks Biblioteca da Unidade Pastoral de Sintra262.13 BEN 1439 Biblioteca da Unidade Pastoral de Sintra14392017-08-09 

Powered by Koha